Reglamento de Construcciones [en el Municipio de Guadalajara] /
Contenido: Definiciones generales; Zonificación; Vía pública; Servicios públicos municipales; Ejecución de obras; Usos y conservación de edificios y predios; Disposiciones administrativas.
Guardado en:
| Autor corporativo: | |
|---|---|
| Formato: | Libro |
| Idioma: | Español |
| Colección: | (Normas de Aplicación Municipal)
|
| Temas: | |
| Etiquetas: |
Sin etiquetas, Sé el primero en etiquetar este registro!
|
MARC
| LEADER | 00000nam^a2200000^a^4500 | ||
|---|---|---|---|
| 001 | 000185950 | ||
| 005 | 20250521000000.0 | ||
| 009 | 20260310102209.156 | ||
| 037 | |a Acervo ITESO - Biblioteca | ||
| 041 | |a ESP | ||
| 082 | |a 344. 7235206711 |b GUA 1969 | ||
| 110 | |a Guadalajara. |b Ayuntamiento | ||
| 240 | 1 | 1 | |a [Leyes, etc.] |
| 240 | 1 | 1 | |a [Reglamento de Construcciones en el Municipio de Guadalajara] |
| 245 | 1 | 0 | |a Reglamento de Construcciones [en el Municipio de Guadalajara] / |
| 264 | |a Guadalajara, México : |b Ayuntamiento de Guadalajara, |c 1969 | ||
| 300 | |a 147 p. | ||
| 336 | |a texto |b txt |2 rdacontenido | ||
| 337 | |a sin mediación |b n |2 rdamedio | ||
| 338 | |a volumen |b nc |2 rdasoporte | ||
| 440 | 1 | |a (Normas de Aplicación Municipal) | |
| 520 | |a Contenido: Definiciones generales; Zonificación; Vía pública; Servicios públicos municipales; Ejecución de obras; Usos y conservación de edificios y predios; Disposiciones administrativas. | ||
| 649 | |a XX | ||
| 650 | |a Construcción - |z Guadalajara, Jalisco - |x Leyes y Reglamentos | ||
| 650 | |a Construcción - |z Jalisco - |x Leyes y Reglamentos | ||
| 650 | |a Construcción - |z México - |x Leyes y Reglamentos | ||
| 650 | |a Derecho Urbano - |z Guadalajara, Jalisco - |x Leyes y Reglamentos | ||
| 650 | |a Derecho Urbano - |z Jalisco - |x Leyes y Reglamentos | ||
| 650 | |a Derecho Urbano - |z México - |x Leyes y Reglamentos | ||
| 650 | |a Derecho Administrativo - |z Guadalajara, Jalisco - |x Leyes y Reglamentos | ||
| 650 | |a Derecho Administrativo - |z Jalisco - |x Leyes y Reglamentos | ||
| 650 | |a Derecho Administrativo - |z México - |x Leyes y Reglamentos | ||
| 650 | |a Derecho Público - |z Guadalajara, Jalisco | ||
| 650 | |a Derecho Público - |z Jalisco | ||
| 650 | |a Derecho Público - |z México | ||
| 650 | |a Guadalajara, Jalisco - |x Leyes y Reglamentos | ||
| 650 | |a Jalisco - |x Leyes y Reglamentos | ||
| 650 | |a México - |x Leyes y Reglamentos | ||
| 910 | |a Fondo Julio de la Peña Lomelín | ||
| 920 | |a Impresos - Libros | ||
| 930 | |a Arquitectos Jaliscienses | ||
| 905 | |a 115 | ||
| 901 | |a 0500127546 |b IT1 |c JAL |u 20250521 | ||
| 902 | |a https://opac.biblio.iteso.mx/vufind/Record/000185950 | ||